000 01033cam a22002891i 4500
999 _c9892
_d9892
001 9892
003 BD-JhCC
005 20180403122048.0
008 180403s1962 enkabf 001 0 eng
035 _a(OCoLC)2708882
_a(BD-JhCC)9892
040 _aDLC
_cWMUW
_dOCoLC
_dDSI
_dCaBViV
_dDLC
_dBD-JhCC
041 1 _aeng
_hfre
050 0 0 _aN5300
_b.H953 1962a
082 _bHUY 1962
_a709.02
100 1 _aHuyghe, René,
240 0 2 _aL'art et l'homme.
245 1 0 _aLarousse encyclopedia of prehistoric and ancient art :
_bart and mankind /
_cgeneral editor René Huyghe.
260 _aNew York :
_bP. Hamlyn,
_c1962.
300 _a414 p., [15] leaves of plates
_bill. (some col.), maps.
_c30 cm.
500 _a" Text prepared by Emily Evershed, Michael Heron, Corinne Lambert, Hugh Newbury and Wendela Schurmann from the French original: L'art et l'homme."
500 _aIncludes index.
650 0 _aArt, Prehistoric
_vDictionaries.
650 0 _aArt, Ancient.
740 0 _aArt and mankind.
942 _2ddc
_cBK